|
|
|
|
| LEADER |
01086cam a2200301Ia 4500 |
| 001 |
9780203428580 |
| 003 |
FlBoTFG |
| 005 |
20091230162920.0 |
| 006 |
a|||||s||||||||||| |
| 007 |
cr|||| |
| 008 |
960425s1996 enk sb 001 0 eng d |
| 020 |
|
|
|a 9780203428580 (e-book : PDF)
|
| 040 |
|
|
|a FlBoTFG
|c FlBoTFG
|d GrThAP
|
| 090 |
|
|
|a KJA3612
|b .B38 1996
|
| 092 |
|
|
|a 345.009376
|b B347
|
| 100 |
1 |
|
|a Bauman, Richard A.
|
| 245 |
1 |
0 |
|a Crime and punishment in ancient Rome
|h [electronic resource] /
|c Richard A. Bauman.
|
| 246 |
1 |
8 |
|a Crime & punishment in ancient Rome
|
| 260 |
|
|
|a London ;
|a New York :
|b Routledge,
|c 1996.
|
| 300 |
|
|
|a xii, 228 p.
|
| 504 |
|
|
|a Includes bibliographical references (p. 205-212) and index.
|
| 530 |
|
|
|a Also available in print edition.
|b CRC Press (http://www.crcpress.com)
|
| 538 |
|
|
|a Mode of access: World Wide Web.
|
| 650 |
|
0 |
|a Punishment (Roman law)
|
| 650 |
|
0 |
|a Criminal law (Roman law)
|x Philosophy.
|
| 655 |
|
7 |
|a Electronic books.
|2 lcsh
|
| 776 |
1 |
|
|z 9780415113755
|
| 856 |
4 |
0 |
|u http://www.tandfebooks.com/isbn/9780203428580
|z Full Text via HEAL-Link
|